| 000 | 01062nam a2200301 a 4500 | ||
|---|---|---|---|
| 001 | 37059 | ||
| 003 | BD-RjUL | ||
| 005 | 20211209052555.0 | ||
| 008 | 141012s1981 enka b 001 0 eng | ||
| 020 | _a0852381166 | ||
| 035 | _a(BD-RjUL)37161 | ||
| 040 |
_aDLC _cDLC _dDLC _dWaU _dBD-RjUL _beng |
||
| 041 | _aeng | ||
| 082 | 0 | 0 |
_a639.200724 _219 _bLAM 1981 |
| 100 | 1 |
_aLaevastu, Taivo. _9113306 |
|
| 245 | 1 | 0 |
_aMarine fisheries ecosystem : _bits quantitative evaluation and management / _cTaivo Laevastu and Herbert A. Larkins. |
| 260 |
_aFarnham, Surrey, England : _bFishing News Books, _cc1981. |
||
| 300 |
_axiv, 162 p. : _bill. ; _c26 cm. |
||
| 504 | _aIncludes bibliography: p. 146-148 and index. | ||
| 650 | 0 |
_aFisheries _xMathematical models. _9113307 |
|
| 650 | 0 |
_aFishery management _xMathematical models. _9113308 |
|
| 650 | 0 |
_aMarine ecology _xMathematical models. _9113309 |
|
| 650 | 0 |
_aMarine ecosystem management. _9113310 |
|
| 700 | 1 |
_aLarkins, Herbert A. _9113311 |
|
| 942 |
_2ddc _cBK |
||
| 999 |
_c37059 _d37059 |
||